| 000 | 00463nmm a2200169Ia 4500 | ||
|---|---|---|---|
| 008 | 251105s9999||||xx |||||||||||||||||und|| | ||
| 020 | _a9788446041306 | ||
| 041 | _aspa | ||
| 100 | _aGilson Miller, Susan | ||
| 245 | 0 | _aHistoria del Marruecos moderno | |
| 264 |
_a[Madrid, España] : _bAkal, _c2015 |
||
| 300 | _a368 páginas | ||
| 490 | _aHistorias | ||
| 650 | _aHistory of Africa | ||
| 856 | _uhttps://public.digitaliapublishing.com/a/37589 | ||
| 942 | _cCF | ||
| 999 |
_c83013 _d83013 |
||